[Event "Kavala op 30th"]
[Site "Kavala"]
[Date "2021.08.02"]
[Round "3"]
[White "Tzovanis, Anastasios Anagnost"]
[Black "Georgakopoulos, Nikolaos"]
[Result "0-1"]
[WhiteElo "1804"]
[BlackElo "2355"]
[PlyCount "65"]
[EventDate "2021.08.01"]
[EventType "swiss"]
[EventRounds "9"]
[EventCountry "GRE"]
[SourceTitle "CBM 203 Extra"]
[Source "ChessBase"]
[SourceDate "2021.09.30"]
[SourceVersion "1"]
[SourceVersionDate "2021.09.30"]
[SourceQuality "1"]

1. Nf3 c5 2. g3 Nc6 3. d4 cxd4 4. Nxd4 Qb6 5. Nb3 Nf6 6. Bg2 d5 7. 0-0 e6 8. Bg5 Be7 9. Nc3 h6 10. Bxf6 Bxf6 11. e4 d4 12. Na4 Qb5 13. Nac5 0-0 14. a4 Qb6 15. a5 Qc7 16. f4 e5 17. Qd3 Rb8 18. f5 b6 19. axb6 Rxb6 20. Qc4 Nb4 21. Qe2 Be7 22. Na4 Ba6 23. Qd1 Rc6 24. c3 dxc3 25. Nxc3 Bxf1 26. Bxf1 Rd8 27. Qb1 Rxc3 28. bxc3 Qxc3 29. Kh1 Bg5 30. Qe1 Qf3+ 31. Bg2 Qxb3 32. Rb1 Qc2 33. Ra1 0-1

[Event "GRE-ch Online Blitz op 1st"]
[Site "Tornelo INT"]
[Date "2021.02.07"]
[Round "13"]
[White "Cheiladakis, Vasileios"]
[Black "Tzovanis, Anastasios Anagnost"]
[Result "1/2-1/2"]
[WhiteElo "1525"]
[BlackElo "1432"]
[PlyCount "162"]
[EventDate "2021.02.07"]
[EventType "swiss (blitz)"]
[EventRounds "16"]
[EventCountry "GRE"]
[SourceTitle "EXT 2023"]
[Source "ChessBase"]
[SourceDate "2022.10.05"]
[SourceVersion "1"]
[SourceVersionDate "2022.10.05"]
[SourceQuality "1"]

1. e4 c5 2. Nf3 d6 3. d4 cxd4 4. Nxd4 Nf6 5. Nc3 a6 6. Be2 e6 7. 0-0 Be7 8. f4 0-0 9. a4 Qc7 10. Nf3 Nc6 11. Be3 Rd8 12. Kh1 Na5 13. Qe1 Nc4 14. Bc1 Rb8 15. h3 Bd7 16. b3 Na5 17. e5 Nd5 18. Nxd5 exd5 19. Bd3 Nc6 20. Bb2 dxe5 21. Nxe5 Bf6 22. Qg3 d4 23. Rae1 Re8 24. Nf3 Rxe1 25. Rxe1 Re8 26. Rxe8+ Bxe8 27. Qe1 Bd7 28. Qe4 g6 29. g4 Qd6 30. Ne5 Bxe5 31. fxe5 Qxe5 32. Bxd4 Qxd4 33. Qxd4 Nxd4 34. Bc4 Nc6 35. Bd3 Be6 36. Kg1 Kg7 37. Be2 Kf6 38. Kf2 Ke5 39. Ke3 Nd4 40. Bd3 Bd5 41. c4 Be6 42. b4 Nc6 43. b5 axb5 44. cxb5 Nb4 45. Be4 Bd5 46. Bb1 f5 47. gxf5 gxf5 48. a5 f4+ 49. Kf2 h6 50. Ke2 Be4 51. Bxe4 Kxe4 52. Kf2 f3 53. h4 Nd3+ 54. Kf1 Nc5 55. Kf2 Kf4 56. Kf1 Kg3 57. h5 Kg4 58. Kf2 Kxh5 59. Kxf3 Kg5 60. Kg2 Kf5 61. Kf3 Kg5 62. Kg3 h5 63. Kg2 Nd7 64. Kg3 h4+ 65. Kg2 Nf8 66. Kh2 Nd7 67. a6 bxa6 68. bxa6 Nb6 69. Kg2 Kg4 70. Kh2 h3 71. Kg1 Kg3 72. Kh1 Na8 73. Kg1 Nb6 74. Kh1 Na8 75. a7 Nb6 76. Kg1 Kh4 77. Kh1 Na8 78. Kg1 Nc7 79. Kh1 Kg3 80. Kg1 h2+ 81. Kh1 Na8 1/2-1/2

[Event "GRE-ch Online Blitz op 1st"]
[Site "Tornelo INT"]
[Date "2021.02.07"]
[Round "12"]
[White "Tzovanis, Anastasios Anagnost"]
[Black "Pavlidis, Anastasios"]
[Result "0-1"]
[WhiteElo "1432"]
[BlackElo "2136"]
[PlyCount "66"]
[EventDate "2021.02.07"]
[EventType "swiss (blitz)"]
[EventRounds "16"]
[EventCountry "GRE"]
[SourceTitle "EXT 2023"]
[Source "ChessBase"]
[SourceDate "2022.10.05"]
[SourceVersion "1"]
[SourceVersionDate "2022.10.05"]
[SourceQuality "1"]

1. Nf3 Nf6 2. g3 g6 3. Bg2 Bg7 4. 0-0 0-0 5. c4 d6 6. Nc3 Nbd7 7. d3 e5 8. Rb1 c6 9. b4 Re8 10. Nd2 Nf8 11. b5 d5 12. bxc6 bxc6 13. cxd5 cxd5 14. e4 d4 15. Nd5 Nxd5 16. exd5 Ba6 17. Nc4 Rc8 18. Qa4 Bxc4 19. dxc4 e4 20. Re1 f5 21. Rb7 Re7 22. Qxa7 Rxb7 23. Qxb7 Rxc4 24. Bf4 d3 25. d6 Rd4 26. f3 g5 27. Qe7 Qb6 28. Be3 Qxd6 29. Qe8 d2 30. Rd1 Rd3 31. Bxg5 e3 32. Bxe3 Rxe3 33. Qxe3 Bd4 0-1

[Event "GRE-ch Online Blitz op 1st"]
[Site "Tornelo INT"]
[Date "2021.02.07"]
[Round "16"]
[White "Tzovanis, Anastasios Anagnost"]
[Black "Tsakonas, Konstantinos"]
[Result "1-0"]
[WhiteElo "1432"]
[BlackElo "1164"]
[PlyCount "103"]
[EventDate "2021.02.07"]
[EventType "swiss (blitz)"]
[EventRounds "16"]
[EventCountry "GRE"]
[SourceTitle "EXT 2023"]
[Source "ChessBase"]
[SourceDate "2022.10.05"]
[SourceVersion "1"]
[SourceVersionDate "2022.10.05"]
[SourceQuality "1"]

1. Nf3 Nf6 2. g3 d5 3. Bg2 e6 4. 0-0 c5 5. d4 Be7 6. c4 cxd4 7. Nxd4 0-0 8. Nc3 Nc6 9. cxd5 exd5 10. Bg5 Nxd4 11. Qxd4 Be6 12. Rfd1 Qd7 13. e4 Rfd8 14. Bxf6 Bxf6 15. e5 Be7 16. Nxd5 Bxd5 17. Qxd5 Qxd5 18. Rxd5 Rxd5 19. Bxd5 g6 20. Rc1 Rd8 21. Bxb7 Rd2 22. Rc8+ Kg7 23. Rc7 Bb4 24. e6 Ba5 25. Rxf7+ Kh6 26. e7 Re2 27. Bc6 Re6 28. e8Q Rxe8 29. Bxe8 Bb6 30. h4 Bc5 31. Rc7 Bb6 32. Rb7 Bd4 33. b4 Bb6 34. a4 Bd4 35. a5 Bc3 36. Rxa7 Bxb4 37. a6 Bc5 38. Rc7 Bb6 39. Rb7 Bd4 40. Bf7 Bc5 41. Bg8 g5 42. Rc7 Bb6 43. Rxh7+ Kg6 44. h5+ Kf6 45. Rh6+ Kf5 46. Rxb6 Kg4 47. h6 Kh3 48. h7 Kg4 49. h8Q Kf3 50. Bd5+ Ke2 51. Rb2+ Ke1 52. Qe5+ 1-0

[Event "Paleochora op 13th"]
[Site "Paleochora"]
[Date "2020.07.18"]
[Round "1"]
[White "Kourkoulos Arditis, Stamatis"]
[Black "Tzovanis, Anastasios Anagnost"]
[Result "1-0"]
[WhiteElo "2473"]
[BlackElo "1756"]
[PlyCount "89"]
[EventDate "2020.07.18"]
[EventType "swiss"]
[EventRounds "9"]
[EventCountry "GRE"]
[SourceTitle "EXT 2021"]
[Source "ChessBase"]
[SourceDate "2020.10.23"]
[SourceVersion "1"]
[SourceVersionDate "2020.10.23"]
[SourceQuality "1"]

1. d4 Nf6 2. c4 g6 3. Nc3 d5 4. cxd5 Nxd5 5. e4 Nxc3 6. bxc3 Bg7 7. Bb5+ Bd7 8. Qb3 c5 9. d5 Qa5 10. Bxd7+ Nxd7 11. Ne2 0-0 12. 0-0 Rac8 13. Qxb7 Rc7 14. Qb3 Rb8 15. Qc2 Rcb7 16. Qd3 Qa4 17. f4 c4 18. Qe3 Rb1 19. Rxb1 Rxb1 20. a3 Nf6 21. d6 exd6 22. e5 Nd5 23. Qe4 Qb5 24. Nd4 Nxc3 25. Qc2 Qc5 26. Qxc3 dxe5 27. fxe5 Bxe5 28. Be3 Bxh2+ 29. Kf2 Bg3+ 30. Ke2 Rxf1 31. Kxf1 Qh5 32. Nf3 Qd5 33. Qd4 Qf5 34. Qxc4 h5 35. Ke2 h4 36. Nxh4 Bxh4 37. Qxh4 Qd5 38. Bd4 Qxg2+ 39. Ke1 f6 40. Qxf6 Qe4+ 41. Kd2 Qg2+ 42. Kc3 Qh3+ 43. Kb4 Qd7 44. Qxg6+ Kf8 45. Bc5+ 1-0

[Event "GRE-ch U16"]
[Site "Patras"]
[Date "2019.07.01"]
[Round "9.10"]
[White "Tzovanis, Anastasios Anagnost"]
[Black "Koutis, Pavlos"]
[Result "1-0"]
[WhiteElo "1672"]
[BlackElo "1569"]
[PlyCount "63"]
[EventDate "2019.06.25"]
[EventType "swiss"]
[EventRounds "9"]
[EventCountry "GRE"]
[SourceTitle "EXT 2020"]
[Source "ChessBase"]
[SourceDate "2019.10.17"]
[SourceVersion "1"]
[SourceVersionDate "2019.10.17"]
[SourceQuality "1"]
[WhiteTeam "Greece"]
[BlackTeam "Greece"]
[WhiteTeamCountry "GRE"]
[BlackTeamCountry "GRE"]

1. Nf3 d5 2. g3 Nc6 3. Bg2 e5 4. d3 Nf6 5. 0-0 Bc5 6. a3 a5 7. Bg5 h6 8. Bxf6 Qxf6 9. Nc3 Ne7 10. e4 d4 11. Nd5 Qd6 12. Nd2 c6 13. Nc4 Qb8 14. Nxe7 Bxe7 15. f4 exf4 16. gxf4 Be6 17. Nd2 0-0 18. f5 Bd7 19. Qh5 Bf6 20. Rae1 Re8 21. Nf3 Be5 22. f6 Bxf6 23. e5 Be7 24. Nxd4 Rf8 25. Be4 Bc5 26. c3 Be6 27. Kh1 Bxd4 28. cxd4 Qd8 29. Rg1 Qe7 30. Rxg7+ Kxg7 31. Rg1+ Qg5 32. Rxg5+ 1-0

[Event "Thessaloniki/Chalkidiki-chT"]
[Site "Thessaloniki/Chalkidiki"]
[Date "2019.03.03"]
[Round "7.9"]
[White "Magalakis, Stefanos"]
[Black "Tzovanis, Anastasios Anagnost"]
[Result "1/2-1/2"]
[WhiteElo "1668"]
[BlackElo "1592"]
[PlyCount "38"]
[EventDate "2019.01.13"]
[EventType "team-tourn"]
[EventRounds "9"]
[EventCountry "GRE"]
[SourceTitle "EXT 2020"]
[Source "ChessBase"]
[SourceDate "2019.10.17"]
[SourceVersion "1"]
[SourceVersionDate "2019.10.17"]
[SourceQuality "1"]
[WhiteTeam "Kalamarias Han"]
[BlackTeam "Kalamarias ES"]
[WhiteTeamCountry "GRE"]
[BlackTeamCountry "GRE"]

1. c4 Nf6 2. Nc3 g6 3. g3 Bg7 4. Bg2 0-0 5. Nf3 d6 6. d3 c5 7. 0-0 Nc6 8. Rb1 Rb8 9. a3 a6 10. b4 cxb4 11. axb4 b5 12. cxb5 axb5 13. Bd2 Bd7 14. Qc1 Ng4 15. h3 Nge5 16. Nxe5 Bxe5 17. Bf4 Bh8 18. Ne4 Nd4 19. Qd2 Qb6 1/2-1/2

[Event "Thessaloniki/Chalkidiki-chT"]
[Site "Thessaloniki/Chalkidiki"]
[Date "2019.02.24"]
[Round "6.9"]
[White "Tzovanis, Anastasios Anagnost"]
[Black "Stoimenidis, Dimitrios"]
[Result "1/2-1/2"]
[WhiteElo "1592"]
[BlackElo "1529"]
[PlyCount "33"]
[EventDate "2019.01.13"]
[EventType "team-tourn"]
[EventRounds "9"]
[EventCountry "GRE"]
[SourceTitle "EXT 2020"]
[Source "ChessBase"]
[SourceDate "2019.10.17"]
[SourceVersion "1"]
[SourceVersionDate "2019.10.17"]
[SourceQuality "1"]
[WhiteTeam "Kalamarias ES"]
[BlackTeam "Polichnis"]
[WhiteTeamCountry "GRE"]
[BlackTeamCountry "GRE"]

1. Nf3 Nf6 2. g3 d5 3. Bg2 c6 4. 0-0 Bf5 5. d4 h6 6. Nbd2 e6 7. c4 Be7 8. b3 0-0 9. Bb2 a5 10. a3 Nbd7 11. Rc1 Qb6 12. c5 Qa6 13. Re1 b6 14. Bf1 Qb7 15. cxb6 Qxb6 16. Ne5 c5 17. e4 1/2-1/2

[Event "Thessaloniki/Chalkidiki-chT"]
[Site "Thessaloniki/Chalkidiki"]
[Date "2019.02.10"]
[Round "4.9"]
[White "Tzovanis, Anastasios Anagnost"]
[Black "Kalogridis, Antonios"]
[Result "1/2-1/2"]
[WhiteElo "1592"]
[BlackElo "1726"]
[PlyCount "140"]
[EventDate "2019.01.13"]
[EventType "team-tourn"]
[EventRounds "9"]
[EventCountry "GRE"]
[SourceTitle "EXT 2020"]
[Source "ChessBase"]
[SourceDate "2019.10.17"]
[SourceVersion "1"]
[SourceVersionDate "2019.10.17"]
[SourceQuality "1"]
[WhiteTeam "Kalamarias ES"]
[BlackTeam "Keravnos MAPO"]
[WhiteTeamCountry "GRE"]
[BlackTeamCountry "GRE"]

1. Nf3 Nf6 2. g3 g6 3. Bg2 Bg7 4. 0-0 0-0 5. d4 d5 6. c4 dxc4 7. Na3 c3 8. bxc3 c5 9. Nc4 Be6 10. Nce5 cxd4 11. cxd4 Bd5 12. Bf4 Nc6 13. Nxc6 Bxc6 14. Be5 Rc8 15. e3 Qd7 16. a4 Bd5 17. Nd2 Bxg2 18. Kxg2 Qd5+ 19. Qf3 Qxf3+ 20. Kxf3 Rc2 21. Nb3 Rfc8 22. Rfc1 Rxc1 23. Rxc1 Rxc1 24. Nxc1 Nd5 25. Bxg7 Kxg7 26. e4 Nc3 27. a5 Kf8 28. Ke3 Ke8 29. f4 Kd7 30. Nd3 f6 31. d5 Kd6 32. Kd4 Nb5+ 33. Kc4 a6 34. e5+ fxe5 35. fxe5+ Kc7 36. Nc5 Na3+ 37. Kd3 h6 38. Ne6+ Kc8 39. Nf8 g5 40. Ng6 Kd7 41. g4 Nb5 42. Nf8+ Ke8 43. Ne6 Kd7 44. Nd4 Nc7 45. Kc4 Kc8 46. Nf5 e6 47. dxe6 Nxe6 48. Nxh6 Kd7 49. Nf5 Nf4 50. Nd6 Kc6 51. Nf5 b5+ 52. axb6 Kxb6 53. h4 gxh4 54. Nxh4 Kc6 55. g5 Kd7 56. g6 Ke6 57. g7 Kf7 58. Nf5 a5 59. Kb5 Ne6 60. Kxa5 Nxg7 61. Nxg7 Kxg7 62. Kb5 Kf7 63. Kc5 Ke6 64. Kd4 Ke7 65. Kd5 Kd7 66. e6+ Ke7 67. Ke5 Ke8 68. Kd5 Ke7 69. Ke5 Ke8 70. Kd6 Kd8 1/2-1/2

[Event "EThessaloniki SSTH HALK-ch U16"]
[Site "Thessaloniki"]
[Date "2017.11.19"]
[Round "5.2"]
[White "Tzovanis, Anastasios Anagnost"]
[Black "Delaveridis, Dimitrios"]
[Result "1-0"]
[WhiteElo "1430"]
[BlackElo "1342"]
[PlyCount "94"]
[EventDate "2017.10.01"]
[EventType "swiss"]
[EventRounds "6"]
[EventCountry "GRE"]
[SourceTitle "EXT 2024"]
[Source "ChessBase"]
[SourceDate "2023.10.10"]
[SourceVersion "1"]
[SourceVersionDate "2023.10.10"]
[SourceQuality "1"]

1. Nf3 Nf6 2. g3 g6 3. Bg2 Bg7 4. 0-0 0-0 5. d4 d6 6. c4 Nbd7 7. Nc3 a5 8. h3 Re8 9. e4 e5 10. Be3 exd4 11. Nxd4 Nc5 12. Qc2 Qe7 13. Rfe1 Nfxe4 14. Nxe4 Nxe4 15. Rad1 Nf6 16. Bg5 Qxe1+ 17. Rxe1 Rxe1+ 18. Kh2 Re5 19. Bf4 Re7 20. c5 d5 21. Nb5 Ne8 22. Nc3 c6 23. Na4 Bf5 24. Qd2 Nf6 25. Bd6 Ree8 26. g4 Be4 27. f3 Bb1 28. Nb6 Ra7 29. Na4 Bxa2 30. Bf1 Nd7 31. Nc3 Bb3 32. Bd3 Ne5 33. Bxe5 Bxe5+ 34. Kg1 Bd4+ 35. Kg2 Bxc5 36. h4 Bb4 37. Qf4 Bxc3 38. bxc3 Bc4 39. Bxc4 dxc4 40. Qxc4 a4 41. h5 gxh5 42. gxh5 Kh8 43. Qd4+ f6 44. Qxa7 b5 45. h6 Rg8+ 46. Kf2 c5 47. Qxc5 Rg6 1-0

[Event "GRE-ch U14"]
[Site "Achaia"]
[Date "2017.06.28"]
[Round "4"]
[White "Tzovanis, Anastasios Anagnost"]
[Black "Kiousis, Stavros St"]
[Result "1/2-1/2"]
[WhiteElo "1375"]
[BlackElo "1474"]
[PlyCount "152"]
[EventDate "2017.06.26"]
[EventType "swiss"]
[EventRounds "9"]
[EventCountry "GRE"]
[SourceTitle "EXT 2018"]
[Source "ChessBase"]
[SourceDate "2017.10.13"]
[SourceVersion "1"]
[SourceVersionDate "2017.10.13"]
[SourceQuality "1"]

1. Nf3 d5 2. g3 c6 3. Bg2 Nf6 4. 0-0 Bg4 5. d4 Bxf3 6. Bxf3 e6 7. b3 Bd6 8. Bb2 Nbd7 9. c4 0-0 10. Nd2 Rc8 11. e4 dxe4 12. Nxe4 Nxe4 13. Bxe4 Nf6 14. Bg2 Be7 15. Qe2 Qd7 16. Rfd1 Rfd8 17. Rd3 Qc7 18. Rad1 h6 19. f4 Qa5 20. Ba1 Qc7 21. Kh1 Kf8 22. Bh3 Qa5 23. Bc3 Qh5 24. Qxh5 Nxh5 25. d5 cxd5 26. cxd5 Nf6 27. d6 Bxd6 28. Rxd6 Rxd6 29. Bb4 Ne4 30. Bxd6+ Ke8 31. Rd4 Rc1+ 32. Kg2 Rc2+ 33. Kf3 Nxd6 34. Rxd6 Rxh2 35. Bg2 Rh5 36. Rd4 Ra5 37. Ra4 Rxa4 38. bxa4 Kd7 39. Ke3 b6 40. Kd4 Kd6 41. Kc4 g5 42. Kb5 gxf4 43. gxf4 f6 44. Ka6 e5 45. a5 Kc5 46. f5 h5 47. axb6 axb6 48. Kb7 h4 49. Kc7 Kd4 50. Kxb6 e4 51. a4 e3 52. Bf3 h3 53. a5 h2 54. a6 h1Q 55. Bxh1 e2 56. a7 e1Q 57. a8Q Qb4+ 58. Kc7 Qc5+ 59. Bc6 Qxf5 60. Qa4+ Ke3 61. Qb3+ Kf4 62. Qc4+ Kg5 63. Qg8+ Kf4 64. Qc4+ Kg5 65. Kb7 Qb1+ 66. Kc8 Qf5+ 67. Bd7 Qf4 68. Qd5+ Kh4 69. Qg8 Qg5 70. Qh7+ Kg3 71. Qh3+ Kf4 72. Qf1+ Ke5 73. Qe2+ Kf4 74. Qd2+ Ke5 75. Qe2+ Kf4 76. Qf2+ Ke5 1/2-1/2

[Event "GRE-chT 43rd"]
[Site "Porto Rio"]
[Date "2015.10.08"]
[Round "2.12"]
[White "Triantos, Konstantinos"]
[Black "Tzovanis, Anastasios Anagnost"]
[Result "1-0"]
[WhiteElo "1829"]
[BlackElo "1175"]
[PlyCount "123"]
[EventDate "2015.10.08"]
[EventType "team-swiss"]
[EventRounds "7"]
[EventCountry "GRE"]
[SourceTitle "CBM 168 Extra"]
[Source "ChessBase"]
[SourceDate "2015.10.29"]
[SourceVersion "1"]
[SourceVersionDate "2015.10.29"]
[SourceQuality "1"]
[WhiteTeam "Patron"]
[BlackTeam "Kalamarias Han"]
[WhiteTeamCountry "GRE"]
[BlackTeamCountry "GRE"]

1. e4 e5 2. Nf3 Nc6 3. Bb5 a6 4. Ba4 Nf6 5. d3 b5 6. Bb3 Be7 7. Bd5 Nxd5 8. exd5 Nd4 9. Nxe5 d6 10. Nf3 Bg4 11. Be3 Nxf3+ 12. gxf3 Bc8 13. Qd2 Bf6 14. c4 Bb7 15. Nc3 Bxc3 16. Qxc3 f6 17. Rg1 Rg8 18. 0-0-0 c6 19. Rde1 Kf7 20. dxc6 Bxc6 21. Bf4 d5 22. c5 d4 23. Qc2 Qd5 24. Bd6 Rae8 25. Qb3 Qxb3 26. axb3 Bxf3 27. Kd2 Rxe1 28. Rxe1 Re8 29. Rxe8 Kxe8 30. c6 Bxc6 31. Bc5 Bd5 32. Kc2 Kd7 33. Bxd4 Ke6 34. Kc3 h5 35. Kb4 g5 36. Ka5 Bxb3 37. Kxa6 Ba4 38. Be3 g4 39. Ka5 Ke5 40. Kb4 Bc2 41. d4+ Kd5 42. Kxb5 f5 43. b4 Bd3+ 44. Kb6 f4 45. Bxf4 Kxd4 46. Kc6 Ke4 47. Bg3 Kf5 48. b5 Kg5 49. b6 Be4+ 50. Kc7 h4 51. Bd6 Kf5 52. b7 Bxb7 53. Kxb7 Ke4 54. Be7 h3 55. Bd6 Kf3 56. Bg3 Ke4 57. Kc6 Kf5 58. Kd5 Kf6 59. Ke4 Kg5 60. Ke5 Kh6 61. Kf5 Kh5 62. Kf4 1-0